Tự học nhanh Word 97 bằng hình ảnh phương pháp nhanh nhất và hiệu quả nhất để sử dụng Word 97 = Visual Word 97 The Fastest, Easiest Way to Learn Access 97 /

Nhập và hiệu chỉnh dữ liệu quản lý các tập tin, định dạng trang tài liệu, các kỹ thuật hiệu chỉnh khác, các kỹ thuật định dạng khác, các kỹ thuật nâng cao, xem và in văn bản, kỹ thuật trộn thư gửi thư tín điện tử và tạo các trang Web....

תיאור מלא

שמור ב:
מידע ביבליוגרפי
מחבר ראשי: Byrne, Jeffry.
פורמט: ספר
שפה:Vietnamese
יצא לאור: Tp.HCM : Nxb Trẻ, 1998.
נושאים:
תגים: הוספת תג
אין תגיות, היה/י הראשונ/ה לתייג את הרשומה!
Thư viện lưu trữ: Mạng thư viện Đại học Đà Nẵng
LEADER 01392cam a2200361 i 4500
001 000042754
003 629
005 20031002152344.0
008 010217b1998 vm 000 vie
020 |c 19500 
040 |a IRC  |c IRC  |d IRC 
041 1 |a vie 
082 1 4 |a 005.15  |b BY-J 
100 1 |a Byrne, Jeffry. 
245 0 0 |a Tự học nhanh Word 97 bằng hình ảnh phương pháp nhanh nhất và hiệu quả nhất để sử dụng Word 97 =  |b Visual Word 97 The Fastest, Easiest Way to Learn Access 97 /  |c Jeffry Byrne Ph.D. 
246 0 1 |a Visual Word 97 The Fastest, Easiest Way to Learn Access 97. 
260 |a Tp.HCM :  |b Nxb Trẻ,  |c 1998. 
300 |a 239tr. ;  |c 20,5cm. 
520 3 |a Nhập và hiệu chỉnh dữ liệu quản lý các tập tin, định dạng trang tài liệu, các kỹ thuật hiệu chỉnh khác, các kỹ thuật định dạng khác, các kỹ thuật nâng cao, xem và in văn bản, kỹ thuật trộn thư gửi thư tín điện tử và tạo các trang Web. 
630 0 4 |a Tin học. 
630 0 4 |a Word. 
630 0 4 |a Computer programs. 
650 0 4 |a Microsoft Word (Chương trình máy tính) 
OWN |a DUT 
999 |a From the UDN01 
TYP |a Monograph 
TYP |a Printed language 
980 |a Mạng thư viện Đại học Đà Nẵng